• 首页
  • 本馆介绍
  • 公告通知
  • 最新文献
  • 馆藏检索
  • 电子资源
  • 读者导购
  • 参考咨询
  • 我的图书馆
  • 登录
  • 详细信息显示
  • 放入我的书架
  • 预约/预借图书
  • 作者相关作品
  • 分类相关作品
  • 丛书相关作品
  • 出版社相关作品

书目信息

  • 表格格式
  • 工作单格式
  • 卡片格式
题名:
体育译文
    
 
作者: ;人民体育出版社 编辑
分册: 4  
出版信息: 北京   编者  1978
页数: 163页
开本: 26cm
丛书名:
单 册:
中图分类: G8-53
科图分类:
主题词: 体育--文集
电子资源:
ISBN: 7015.1688
000 00642nam0 2200241 450
001 0179004041
005 20100712215549.0
010    @a7015.1688@dCNY1.10
091    @a7015.1688@d¥1.10
100    @a19950717d1979 em y0chiy0110 ea
101 1  @achi
102    @aCN@b110000
105    @ay z 000yy
106    @ar
200 1  @a体育译文@9Ti Yu;Yo Yi Wen @f人民体育出版社编辑@h4
210    @a北京@c编者@d1978
215    @a163页@d26cm
300    @a国内发行
606 0  @a体育@x文集
690    @aG8-53@v3
711 02 @a人民体育出版社@9ren min ti yu chu ban she@4编辑
801  0 @aCN@bAzMarc@c20130904
905    @aBZT@dG8@e79:4@f5@sG8/79:4
    
    体育译文/人民体育出版社编辑.4.-北京:编者,1978
    163页;26cm
    国内发行
    
    ISBN 7015.1688:CNY1.10
    
●
相关链接 在五车中查询图书 在当当中查询图书 在豆瓣中查询图书


正题名:体育译文     索取号:G8/79:4         预约/预借

序号 登录号 条形码 馆藏地/架位号 状态 备注
1 2000035894   2000035894   旧书回溯/ [索取号:G8/79:4] 在馆    
2 2000045285   2000045285   旧书回溯/ [索取号:G8/79:4] 在馆    
3 2000045291   2000045291   旧书回溯/ [索取号:G8/79:4] 在馆    
4 2000045292   2000045292   旧书回溯/ [索取号:G8/79:4] 在馆    
5 2000144637   2000144637   旧书回溯/ [索取号:G8/79:4] 在馆    
山东省滨州职业学院图书馆 欢迎您!
大连网信软件有限公司© 版权所有